00612nam a2200205Ia 4500003000900000008004100009040001300050040001300063041000800076100002100084245003000105250000900135260001200144300001100156300001000167490000600177942000700183999001700190952019900207IT-RoPAU120407s9999 xx 000 0 und d aIT-RoPAU cIT-RoPAU aita aJacques Maritain aPrimato dello spirituale. aRoma aFerrari a154 p. c18 cm v1 cBK c26202d26202 00102ddc406194_60000000000000071aPAULUSbPAULUSd2012-04-11l0o 194.6r2012-04-11 00:00:00w2012-04-11yBKzInserito da: Jole In data: 12 settembre 2011 fondo: Via A.Severo 56 Progr:29788